Quiz o powiecie kłobuckim - Statystyki

Ogólne statystyki
  • Ten quiz został rozwiązany 42 razy
  • Średni wynik to 14 z 23
Statystyki odpowiedzi
Podpowiedź Odpowiedź % Poprawnych
Miasta położone w powiecie Kłobuck
100%
Czapka, która znajduje się na herbie powiatu Kłobuk
100%
Tablice rejestracyjne SKL
100%
Województwo, w którym leży śląskie
100%
częstochowski
80%
Krzepice
73%
lubliniecki
73%
Miedźno
73%
Wieś, w której stoczyła się jedna z pierwszych bitew II wojny światowej Mokra
67%
wieluński
67%
Najdłuższa rzeka powiatu Liswarta
60%
pajęczański
60%
Popów
60%
Wręczyca Wielka
60%
Opatów
53%
oleski
47%
Panki
47%
Przystajń
47%
Powiaty sąsiadujące Częstochowa
40%
Lasy nad Górną Liswartą
40%
Gminy wiejskie wchodzące w skład powiatu Lipie
40%
Starosta Dariusz Pilśniak
7%
Parki krajobrazowe w powiecie Załęczański
7%
Nie znaleziono quizów pasujących do podanych kryteriów
Rozkład punktacji
Procent ludzi z każdym wynikiem
Percentyl według liczby udzielonych odpowiedzi
Twoja historia wyników
Nie rozwiązałeś tego quizu